[Event "Roquetas de Mar op 35th"]
[Site "Roquetas de Mar"]
[Date "2024.01.03"]
[Round "3"]
[White "Ferro Martinez, Damian"]
[Black "Vingris, Mikelis"]
[Result "1/2-1/2"]
[WhiteElo "1858"]
[BlackElo "2248"]
[PlyCount "127"]
[EventDate "2024.01.02"]
[EventType "swiss"]
[EventRounds "9"]
[EventCountry "ESP"]
[SourceTitle "CB02_2024"]
[SourceDate "2024.01.10"]
[SourceVersion "1"]
[SourceVersionDate "2024.01.10"]
[SourceQuality "1"]

1. e4 c5 2. Nf3 d6 3. Bb5+ Nd7 4. c3 Ngf6 5. Qe2 e6 6. d4 cxd4 7. cxd4 Be7 8. Nc3 a6 9. Bd3 e5 10. 0-0 0-0 11. Be3 Ng4 12. Bd2 exd4 13. Nxd4 Nc5 14. Nd5 Ne5 15. Nxe7+ Qxe7 16. Bc2 Nc6 17. Nxc6 bxc6 18. Bc3 a5 19. Rfe1 Ne6 20. Rad1 Rd8 21. Qd3 Qh4 22. Re3 Nf4 23. Qd2 Ba6 24. Kh1 Ng6 25. Bxa5 Rd7 26. Bc3 d5 27. Qd4 f6 28. Bb3 Kh8 29. exd5 Qh5 30. Rde1 Ne5 31. f4 Ng4 32. Rh3 Qf5 33. d6 c5 34. Qd2 c4 35. Bc2 Qc5 36. Rxh7+ Kg8 37. h3 Rxd6 38. Qe2 Nf2+ 39. Kh2 Nd3 40. Rh5 Qc6 41. Rf1 Re8 42. Qg4 Bb7 43. b3 Qxg2+ 44. Qxg2 Bxg2 45. Bxd3 Rxd3 46. Kxg2 Rxc3 47. bxc4 Re2+ 48. Rf2 Rxf2+ 49. Kxf2 Rxc4 50. Kg3 Ra4 51. Rb5 Rxa2 52. Rb7 Kh7 53. Rc7 Ra1 54. Rb7 Rg1+ 55. Kf2 Rh1 56. Kg2 Rc1 57. Kg3 Kg6 58. Rb5 Kh6 59. Ra5 g6 60. Rb5 Rc3+ 61. Kg2 f5 62. Ra5 Rc7 63. Ra8 Rc2+ 64. Kg3 1/2-1/2

[Event "Francisco Martinez 8th tt"]
[Site "Santa Clara"]
[Date "2018.08.20"]
[Round "9.3"]
[White "Ferro Martinez, Damian"]
[Black "Perez Draguich, Jorge Luis"]
[Result "1/2-1/2"]
[WhiteElo "1957"]
[BlackElo "1945"]
[PlyCount "80"]
[EventDate "2018.08.16"]
[EventType "team-tourn"]
[EventRounds "10"]
[EventCountry "CUB"]
[EventCategory "8"]
[SourceTitle "EXT 2021"]
[Source "ChessBase"]
[SourceDate "2020.10.23"]
[SourceVersion "1"]
[SourceVersionDate "2020.10.23"]
[SourceQuality "1"]

1. d4 g6 2. c4 Bg7 3. g3 d6 4. Bg2 Nc6 5. Nf3 Nf6 6. 0-0 0-0 7. Nc3 a6 8. b3 Rb8 9. Bg5 h6 10. Bd2 Na7 11. Qc2 b6 12. Rac1 c5 13. d5 b5 14. e4 Nd7 15. Ne2 a5 16. Bc3 Ba6 17. Nf4 Qc7 18. Rfe1 bxc4 19. bxc4 Bxc3 20. Qxc3 Rb4 21. Bf1 Ne5 22. Nxe5 dxe5 23. Nd3 Rxc4 24. Qxe5 Qd6 25. Rxc4 Bxc4 26. Qc3 Bxd3 27. Bxd3 Qb6 28. Rb1 Qc7 29. Ba6 Nc8 30. Rb7 Qd6 31. Qxa5 Qe5 32. Rc7 Nd6 33. Qxc5 Qxe4 34. Qa7 Qxd5 35. Rxe7 Qxa2 36. Qb6 Nf5 37. Ra7 Qa1+ 38. Kg2 Qe5 39. Qb7 h5 40. Bc4 Nd6 1/2-1/2

[Event "Santa Clara Salado Cup"]
[Site "Santa Clara"]
[Date "2018.03.31"]
[Round "5"]
[White "Ferro Martinez, Damian"]
[Black "Ulloa Rey, Luis Ernesto"]
[Result "1-0"]
[WhiteElo "1960"]
[BlackElo "1806"]
[PlyCount "71"]
[EventDate "2018.03.29"]
[EventType "swiss"]
[EventRounds "7"]
[EventCountry "CUB"]
[SourceTitle "EXT 2021"]
[Source "ChessBase"]
[SourceDate "2020.10.23"]
[SourceVersion "1"]
[SourceVersionDate "2020.10.23"]
[SourceQuality "1"]

1. c4 c5 2. Nf3 Nc6 3. Nc3 g6 4. e3 Bg7 5. d4 d6 6. d5 Ne5 7. Nxe5 Bxe5 8. Qc2 Bg7 9. Bd3 Nf6 10. 0-0 0-0 11. h3 b6 12. e4 Nd7 13. Be3 Bb7 14. f4 a6 15. a4 a5 16. Rae1 Ba6 17. b3 Qc7 18. Ne2 Rab8 19. Bd2 e6 20. Bc3 exd5 21. exd5 Rbe8 22. Bxg7 Kxg7 23. Ng3 Rxe1 24. Rxe1 Qd8 25. Ne4 Re8 26. Qc3+ Kg8 27. Nxd6 Rxe1+ 28. Qxe1 Qf6 29. Qe8+ Nf8 30. Qe5 Nd7 31. Qe8+ Nf8 32. Ne4 Qd4+ 33. Kh2 Qxd3 34. d6 Bb7 35. d7 Bc6 36. d8Q 1-0

[Event "Moncada Cup-F"]
[Site "Santiago de Cuba"]
[Date "2018.03.22"]
[Round "4"]
[White "Ferro Martinez, Damian"]
[Black "Suarez Castro, Armando"]
[Result "0-1"]
[WhiteElo "1960"]
[BlackElo "2028"]
[PlyCount "87"]
[EventDate "2018.03.20"]
[EventType "tourn"]
[EventRounds "10"]
[EventCountry "CUB"]
[SourceTitle "EXT 2021"]
[Source "ChessBase"]
[SourceDate "2020.10.23"]
[SourceVersion "1"]
[SourceVersionDate "2020.10.23"]
[SourceQuality "1"]

1. e4 d6 2. d4 Nf6 3. Nc3 c6 4. f4 Qa5 5. Bd3 e5 6. Nf3 Bg4 7. Be3 Nbd7 8. h3 Bxf3 9. Qxf3 h5 10. a3 c5 11. dxe5 dxe5 12. f5 a6 13. 0-0 h4 14. Bc4 Qc7 15. Nd5 Nxd5 16. Bxd5 Nf6 17. Rad1 Nxd5 18. Rxd5 Rd8 19. f6 g6 20. Rfd1 Rxd5 21. Rxd5 b6 22. Qg4 Bd6 23. c4 Qc6 24. b4 cxb4 25. axb4 Bxb4 26. Qd1 0-0 27. Bg5 Qxc4 28. Qg4 Qc3 29. Bxh4 Qc1+ 30. Rd1 Qf4 31. Qxf4 exf4 32. Bg5 Re8 33. Bxf4 Rxe4 34. Bh6 Re8 35. Rd7 Bc3 36. Bg7 Ra8 37. Kf1 a5 38. Rd3 Bb4 39. Rb3 Bc5 40. Ke2 a4 41. Rb2 a3 42. Ra2 Bd4 43. Kd3 Bb2 44. Kc2 0-1

[Event "Sancti Spiritus Concepcion Memorial tt"]
[Site "Sancti Spiritus"]
[Date "2018.01.20"]
[Round "9.3"]
[White "Ferro Martinez, Damian"]
[Black "Gonzalez Escalona, Luis"]
[Result "1-0"]
[WhiteElo "1966"]
[BlackElo "1906"]
[PlyCount "89"]
[EventDate "2018.01.16"]
[EventType "team-tourn"]
[EventRounds "10"]
[EventCountry "CUB"]
[SourceTitle "EXT 2021"]
[Source "ChessBase"]
[SourceDate "2020.10.23"]
[SourceVersion "1"]
[SourceVersionDate "2020.10.23"]
[SourceQuality "1"]

1. c4 e6 2. Nc3 Nf6 3. Nf3 d5 4. e3 c5 5. cxd5 Nxd5 6. Bc4 Nc6 7. 0-0 Be7 8. d4 cxd4 9. exd4 Nb6 10. Bd3 0-0 11. Re1 Nd5 12. a3 Nf6 13. Bg5 b6 14. Bc2 Bb7 15. Qd3 g6 16. Rad1 Nd5 17. h4 Bxg5 18. Nxg5 Nce7 19. Nce4 Nf5 20. h5 h6 21. Nf3 Nf6 22. Ng3 Qd6 23. Ne5 Qd5 24. f3 Nxg3 25. hxg6 Nf5 26. gxf7+ Kg7 27. Bb3 Qd6 28. g4 Ne7 29. f4 Rh8 30. Re3 Nfd5 31. Rf3 Nf6 32. Rg3 Be4 33. Qe2 Bd5 34. Bc2 Rac8 35. Qh2 Ne4 36. Re3 Nf6 37. Rh3 Nc6 38. g5 hxg5 39. fxg5 Ne4 40. Rf1 Qe7 41. Nf3 Nxd4 42. Qe5+ Kxf7 43. Nxd4+ Qf6 44. Rxf6+ Ke7 45. Rxh8 1-0